Municipal and rural sanitation (Record no. 12109)

000 -LEADER
fixed length control field 00625nam a22002171 4500
001 - CONTROL NUMBER
control field 12109
003 - CONTROL NUMBER IDENTIFIER
control field BD-DhUET
008 - FIXED-LENGTH DATA ELEMENTS--GENERAL INFORMATION
fixed length control field 720914s1965 nyua b 000 0 eng
040 ## - CATALOGING SOURCE
Original cataloging agency DLC
Transcribing agency DLC
Modifying agency BD-DhUET
082 ## - DEWEY DECIMAL CLASSIFICATION NUMBER
Classification number 628
Item number EHL/1965
100 ## - MAIN ENTRY--PERSONAL NAME
Personal name Ehlers, Victor M.
245 10 - TITLE STATEMENT
Title Municipal and rural sanitation
250 ## - EDITION STATEMENT
Edition statement 6th ed.
260 ## - PUBLICATION, DISTRIBUTION, ETC. (IMPRINT)
Place of publication, distribution, etc. New Delhi
Name of publisher, distributor, etc. Tata McGraw-Hill
Date of publication, distribution, etc. 1965
300 ## - PHYSICAL DESCRIPTION
Extent xiv, 663 p.
Other physical details ill.
Dimensions 24 cm.
490 0# - SERIES STATEMENT
Series statement McGraw-Hill series in sanitary science and water resources engineering
504 ## - BIBLIOGRAPHY, ETC. NOTE
Bibliography, etc Includes bibliographies
650 #0 - SUBJECT ADDED ENTRY--TOPICAL TERM
Topical term or geographic name as entry element Sanitary engineering
700 ## - ADDED ENTRY--PERSONAL NAME
Personal name Steel, Ernest W.
942 ## - ADDED ENTRY ELEMENTS (KOHA)
Koha item type General Book
Holdings
Koha normalized classification for sorting Withdrawn status Location (home branch) Koha full call number Piece designation (barcode) Koha item type Lost status Sublocation or collection (holding branch) Copy number Date acquired Source of classification or shelving scheme Shelving location Not for loan Koha date last seen Damaged status Price effective from
628_000000000000000_EHL_1965 Central Library, BUET628/EHL/196554823General Book Central Library, BUET12015-02-23 Circulation section 2015-02-23 2015-02-23
628_000000000000000_EHL_1965 Central Library, BUET628/EHL/196557340General Book Central Library, BUET22015-05-06 Circulation section 2015-05-06 2015-05-06
628_000000000000000_EHL_1965 Central Library, BUET628/EHL/196557341General Book Central Library, BUET32015-05-06 Circulation section 2015-05-06 2015-05-06
628_000000000000000_EHL_1958 Central Library, BUET628/EHL/195842726General Book Central Library, BUET42015-05-07 Circulation section 2015-05-07 2015-05-07
628_000000000000000_EHL_1965 Central Library, BUET628/EHL/196519515General Book Central Library, BUET52015-05-07 Circulation section 2015-05-07 2015-05-07
628_000000000000000_EHL_1965 Central Library, BUET628/EHL/196520785General Book Central Library, BUET62015-05-07 Circulation section 2015-05-07 2015-05-07
628_000000000000000_EHL_1965 Central Library, BUET628/EHL/196519514General Book Central Library, BUET72015-05-07 Circulation section 2015-05-07 2015-05-07
628_000000000000000_EHL_1965 Central Library, BUET628/EHL/196525851General Book Central Library, BUET82015-05-07 Circulation section 2015-05-07 2015-05-07
628_000000000000000_EHL_1965 Central Library, BUET628/EHL/196520784General Book Central Library, BUET92015-05-07 Circulation section 2015-05-07 2015-05-07